| 000 | 00345 a2200133 4500 | ||
|---|---|---|---|
| 082 | _a297.265 | ||
| 090 |
_c5254 _d5254 |
||
| 100 | _aNasr,Seyyed Hossein | ||
| 245 |
_aScience and Civilization in Islam _cSeyyed Hossein Nasr |
||
| 260 |
_aLahore _bSuhail Academy _c1968 |
||
| 300 | _a384p | ||
| 500 | _aHard cover | ||
| 942 |
_aNBS _cBK _k297.265 NAS |
||
| 999 |
_c347669 _d347669 |
||